Quel ville en Asie - Statistiques

Statistiques générales
  • Ce quiz a été pris 147 fois
  • Le résultat moyen est 8 sur 15
Statistiques - réponses
Description Ville % Correct
Ville antique en actuel Irak célèbre pour ses jardins suspendus Babylone
81%
Cité-état au sud de la Malaisie Singapour
79%
Ancienne capitale du Japon Kyoto
76%
Ville sur les rives de la mer d'Arabie et plus grande ville du Pakistan Karachi
69%
Plus grande ville et capitale historique du Tibet Lhassa
63%
Capitale du Bhoutan Thimphou
61%
Ville cambodgienne célèbre pour ses palais Angkor
60%
Plus grande ville sur l'île de Luçon Manille
59%
Ville chinoise autrefois appelée Khanbalik Beijing
55%
Elle s'appelait Astana jusqu'en 2019 Noursoultan
50%
Plus grande ville russe du Pacifique Vladivostok
48%
Ville indienne célèbre pour son mausolée Agra
41%
Ville chinoise où l'on trouva une armée de terre cuite en 1974 Xi'an
34%
Elle est surnomée "La Venise de l'Asie" Bangkok
33%
Capitale la plus chaude du monde Mascate
25%
Aucun quiz correspondant
Distribution des résultats
% des personnes avec chaque résultat
Percentile par nombre de réponses
Votre historique - résultats
Vous n’avez pas pris ce quiz